01303 2200241 4500001002100000005001500021035002000036245005300056100001800109300002400127700002000151700001700171260003000188082000800218084001400226020002200240650001400262520068700276008004100963990001901004990001901023990001901042INLIS00000000001475120250805015009 a0010-08250000161 aFotografi teknologi dokumentasi /cWidyo Nugroho0 aWidyo Nugroho axi, 215 hlm.; 21 cm0 aSendi Eka Nanda0 aChoirul Umam aJakarta :bKencana,c2024 a771 a771 WID f a978-623-384-667-7 aFotografi aDi tengah pesatnya perkembangan teknologi digital dan kebutuhan akan visualisasi yang semakin meningkat, pemahaman yang kuat tentang fotografi dan teknologi dokumentasi menjadi semakin penting. Buku ini disusun dengan tujuan untuk memberikan pemahaman mendalam tentang seni fotografi serta teknik dokumentasi yang diperlukan dalam menghasilkan gambar-gambar yang bermakna dan memukau. Buku ini bukan hanya sekedar panduan praktis tentang bagaimana mengambil gambar yang indah atau memanfaatkan perangkat lunak terbaru, tetapi juga sebuah perjalanan yang menggali esensi dari apa artinya menjadi seorang fotografer dalam era di mana citra-citra berkembang menjadi bahasa universal.250805 e 0 ind  a025.3838/PC/25 a025.3839/PC/25 a025.3840/PC/25